000 00785nam a22002417a 4500
003 SISC
005 20160302095042.0
008 130824t xxu||||| |||| 00| 0 eng d
020 _a9812659021
050 _aQA 36.5
_b.B366m7 2006
082 _aHS 510
_bB36-m7 2006
100 _aBeales, Bernard A.
_913124
245 _aMathematics 7 /
_cBernard A. Beasles, Maria Bodiam, Doug Duff, Robin Foster, Cathy Hall, Jack Hope, Chris Kirkpatrick, Beata Kroll Myhill, Geoff Suderman-Gladwell, Joyce Tonner.
260 _aSingapore :
_bNelson-Thompson,
_c2006.
300 _axii, 511 p. :
_bill. ;
_c24 cm.
440 _aNelson
_913125
562 _e2
600 _aJack Hope, et al.
_913126
650 _aMathematics.
_9210
942 _2lcc
_cBK
999 _c9319
_d9319